International encyclopedia of the social sciences

Bibliographic Details
Format: Book
Published: New York : Macmillan , 1968

MARC

LEADER 00000cam a2200000 7i4500
001 0000030799
005 20021119093000.0
008 021119n
090 0 0 |a H41   |b .I57 (j1-9) 
245 0 0 |a International encyclopedia of the social sciences 
260 2 |a New York :   |b Macmillan ,   |c 1968 
300 |a x, p. ; ;   |c 26 cm. 
999 |a 1000057461   |b Book   |c Reference   |e Gong Badak Campus 
999 |a 1000057462   |b Book   |c Reference   |e Gong Badak Campus 
999 |a 1000057463   |b Book   |c Reference   |e Gong Badak Campus 
999 |a 1000057464   |b Book   |c Reference   |e Gong Badak Campus 
999 |a 1000057465   |b Book   |c Reference   |e Gong Badak Campus 
999 |a 1000057466   |b Book   |c Reference   |e Gong Badak Campus 
999 |a 1000057467   |b Book   |c Reference   |e Gong Badak Campus 
999 |a 1000057468   |b Book   |c Reference   |e Gong Badak Campus 
999 |a 1000057469   |b Book   |c Reference   |e Gong Badak Campus